Progressive Muslims: On Justice, Gender and Pluralism (Record no. 20761)
[ view plain ]
| 000 -LEADER | |
|---|---|
| fixed length control field | 01859nam a22001457a 4500 |
| 020 ## - INTERNATIONAL STANDARD BOOK NUMBER | |
| ISBN | 1-85168-316-X |
| 082 ## - DEWEY DECIMAL CLASSIFICATION NUMBER | |
| Classification number | 297.1 SAF |
| 100 ## - MAIN ENTRY--AUTHOR NAME | |
| Author name | Safi, Omad |
| 245 ## - TITLE STATEMENT | |
| Title | Progressive Muslims: On Justice, Gender and Pluralism |
| 260 ## - PUBLICATION, DISTRIBUTION, ETC. (IMPRINT) | |
| Place of publication | Oxford, England |
| Name of publisher | Oneworld Publications |
| Year of publication | 2006 |
| 300 ## - PHYSICAL DESCRIPTION | |
| Number of Pages | 349 |
| 505 ## - FORMATTED CONTENTS NOTE | |
| Formatted contents note | Introduction: The times they are a-changing' - a Muslim quest for justice, gender equality and pluralism: Omad Sufi<br/><br/>Part 1 PROGRESSIVE MUSLIMS AND CONTEMPORARY ISLAM<br/><br/>1. The ugly modern and the modern ugly: reclaiming the beautiful in Islam: Khaled Abou El fadl<br/>2. In search of progressive Islam beyond 9/11: Farid Esack<br/>3. Islam: a civilozed project in progress: Ahmet Karamustafa<br/>4. The debts and burdens of critical Islam: Ebrahim Moosa<br/>5. On being a scholar of Islam: risks and responsibilities: Tazim R. Kassam<br/><br/>Part II PROGRESSIVE MUSLIMS AND GENDER JUSTICE<br/>6. Transforming feminism: Islam, women and gender justice: Sa'diyya Shaikh<br/>7. Progressive Muslims and Islamic jurisprudence: the necessity for critical engagement with marriage and divorce law: Kecia Ali<br/>8. Sexuality, diversity and ethics in the agenda of progressive Muslims: Scott Siraj al-Haqq Kugle<br/>9. Are we up to the challenge? The need for a radical re-ordering of the Islamic discourse on women: Gwendolyn Zoharah Simmons<br/><br/>PART III PROGRESSIVE MUSLIMS AND PLURALISM<br/>10. Muslims, pluralism and interfaith dialogue: Amir Hussain<br/>11. Americ Muslim identity: rare and ethnicity in progressive Islam: Amina Wadud<br/>12. Islamic democracy and pluralism: Ahmad S. Moussalli<br/>13. How to put the genie back in the bottle? "Identity" islam and Muslim youth cultures in America: Marcia Hermansen<br/>14. What is the victory of Islam? Towards a different understanding of the Ummah and political success in the contemporary world: Farish A. Noor<br/> |
| 650 ## - SUBJECT ADDED ENTRY--TOPICAL TERM | |
| Topical Term | Islam-20th century |
| 942 ## - ADDED ENTRY ELEMENTS (KOHA) | |
| Koha item type | Books |
| Home library | Current library | Shelving location | Date acquired | Source of acquisition | Cost, normal purchase price | Full call number | Accession Number | Koha item type |
|---|---|---|---|---|---|---|---|---|
| Henry Martyn Institute Library | Henry Martyn Institute Library | General stacks | 08/10/2006 | National Book Trust | 395.00 | 297.1 SAF | 021632 | Books |
